000
00386nam a2200145Ia 4500
008
100122s9999 xx 000 0 und d
082
_b
31777
_a
823
100
_a
पाटील देवदत्त
245
_a
सौदा
260
_b
दुर्गा बुक स्टॉल
_c
1905
300
_a
334
630
_a
सौदा
730
_a
सौदा
942
_c
BOOK
999
_c
416288
_d
416285